000 00491nam a2200181Ia 4500
008 230711s9999||||xx |||||||||||||| ||und||
020 _a978-1-4725-2785-1
041 _aENG
082 _a720.284
_bFA-B
100 _aFarrelly,Lorraine
245 0 _aBasic Architecture Representational Techniques for Architecture
250 _a2nd Ed.
260 _c2015
_aNew York
_bBloomsbury Publishing Pvt.Ltd
300 _a184p.
650 _aArchitecture
700 _aCrowson,Nicola
942 _cBK
999 _c6810
_d6810